All 200+ 'C' Boy Names that have ever ranked in the top 1000 (US - Statistics

General Stats
  • This quiz has been taken 78 times
  • The average score is 102 of 257
Answer Stats
Highest Rank Male name % Correct
922 Charle
100%
393 Cal
98%
4 Charles
98%
857 Charls
98%
718 Cas
96%
719 Cass
96%
59 Charley
96%
20 Charlie
96%
904 Charly
96%
22 Carl
94%
59 Chris
92%
363 Christ
92%
725 Cris
92%
404 Christophe
90%
2 Christopher
90%
982 Con
90%
821 Cristofer
90%
470 Cristopher
90%
31 Cameron
88%
604 Camren
88%
348 Camron
88%
860 Camryn
88%
540 Chin
86%
22 Christian
86%
892 Christy
86%
127 Cristian
86%
497 Carlo
84%
65 Carlos
84%
222 Chas
84%
449 Chaz
84%
52 Corey
82%
853 Corry
82%
62 Cory
82%
778 Cael
80%
642 Cale
80%
127 Conner
80%
47 Connor
80%
290 Conor
80%
208 Cade
78%
647 Chace
78%
66 Chase
78%
839 Che
78%
682 Codey
78%
857 Codi
78%
710 Codie
78%
24 Cody
78%
95 Colin
78%
122 Collin
78%
24 Carter
76%
69 Cole
76%
92 Caden
75%
265 Caiden
75%
151 Cayden
75%
221 Colt
73%
901 Carsen
67%
82 Carson
67%
80 Casey
67%
253 Cash
67%
189 Chance
67%
264 Clay
67%
47 Calvin
65%
25 Chad
65%
816 Chadd
65%
390 Colten
65%
60 Colton
65%
32 Caleb
63%
504 Case
63%
195 Clint
63%
910 Coleton
63%
50 Cooper
63%
218 Chuck
61%
176 Clark
59%
831 Clarke
59%
147 Clayton
59%
292 Curt
59%
353 Carey
57%
691 Carrie
57%
268 Cary
57%
54 Chester
57%
250 Crew
57%
629 Crue
57%
284 Cruz
57%
73 Curtis
57%
700 Curtiss
57%
358 Cliff
55%
65 Cecil
53%
242 Callan
51%
450 Callen
51%
131 Clinton
51%
159 Callum
49%
817 Calum
49%
104 Camden
49%
836 Camdyn
49%
463 Cillian
49%
291 Clair
49%
531 Claire
49%
523 Clare
49%
592 Carleton
47%
217 Carlton
47%
59 Clifford
47%
712 Callie
45%
332 Casper
45%
221 Corbin
45%
39 Craig
45%
652 Cap
43%
234 Cedric
43%
622 Cedrick
43%
174 Chandler
43%
923 Clide
43%
50 Clyde
43%
731 Carlie
41%
139 Claud
41%
46 Claude
41%
125 Colby
41%
216 Cyrus
41%
743 Cain
39%
684 Casen
39%
461 Cason
39%
576 Cayson
39%
260 Clem
39%
311 Carmen
37%
401 Clarance
37%
17 Clarence
37%
806 Clarnce
37%
892 Clearence
37%
229 Conrad
37%
708 Caesar
35%
324 Carol
35%
426 Carrol
35%
172 Carroll
35%
917 Ceasar
35%
162 Cesar
35%
625 Chet
35%
719 Cassidy
33%
272 Chadwick
33%
267 Clement
33%
832 Clemente
33%
841 Cristiano
33%
306 Cairo
31%
430 Cassius
31%
500 Coby
31%
459 Connie
31%
593 Chip
29%
144 Clifton
29%
898 Coen
29%
239 Cohen
29%
951 Cassie
27%
801 Clive
27%
377 Coleman
27%
673 Cora
27%
263 Cyril
27%
515 Channing
25%
915 Coleson
25%
631 Colsen
25%
317 Colson
25%
907 Cornel
25%
493 Cornelious
25%
130 Cornelius
25%
478 Cornell
25%
745 Canaan
24%
507 Cannon
24%
578 Carmelo
22%
578 Caspian
22%
258 Cleo
22%
413 Cullen
22%
451 Camilo
20%
710 Campbell
20%
841 Carolyn
20%
784 Catherine
20%
968 Chevy
20%
851 Cleave
20%
191 Cleve
20%
854 Colon
20%
612 Creed
20%
363 Callahan
18%
377 Carmine
18%
813 Cristobal
18%
855 Camille
16%
623 Constantine
16%
706 Cortney
16%
254 Courtney
16%
465 Crawford
16%
920 Chancey
14%
758 Chancy
14%
284 Chauncey
14%
736 Chauncy
14%
391 Cletus
14%
92 Cleveland
14%
655 Collins
14%
218 Colter
14%
531 Cassian
12%
838 Champ
12%
821 Charlton
12%
987 Christina
12%
475 Clara
12%
894 Claudio
12%
815 Coley
12%
942 Colie
12%
676 Collie
12%
563 Cordell
12%
299 Coy
12%
695 Captain
10%
903 Cheyenne
10%
907 Claudius
10%
651 Clovis
10%
995 Colbert
10%
192 Columbus
10%
406 Coty
10%
578 Crosby
10%
510 Casimer
8%
393 Casimir
8%
759 Claus
8%
636 Clemens
8%
709 Conley
8%
959 Cosmo
8%
830 Cato
6%
935 Ceylon
6%
398 Cicero
6%
511 Claudie
6%
490 Curley
6%
711 Carlisle
4%
591 Carlyle
4%
983 Cartier
4%
607 Chaim
4%
619 Chosen
4%
745 Chozen
4%
467 Colonel
4%
895 Conway
4%
947 Courtland
4%
864 Cynthia
4%
988 Calhoun
2%
766 Carnell
2%
798 Castiel
2%
721 Chesley
2%
824 Christoper
2%
858 Clabe
2%
811 Clell
2%
817 Cleon
2%
746 Coolidge
2%
395 Corbett
2%
940 Corwin
2%
927 Crockett
2%
829 Candido
0%
803 Casimiro
0%
963 Caswell
0%
942 Celestino
0%
870 Cephus
0%
805 Chadrick
0%
720 Chalmer
0%
891 Chalmers
0%
996 Claiborne
0%
447 Cloyd
0%
768 Commodore
0%
912 Conard
0%
908 Cordaro
0%
481 Cordero
0%
532 Cortez
0%
No matching quizzes found
Score Distribution
Percent of People with Each Score
Percentile by Number Answered
Your Score History
You have not taken this quiz